000
00222nam a2200085Ia 4500
245
0
_a
Bake
100
_a
Bester, Tina Cape Town, South Africa, 2009
_9
86166
942
_c
BK
008
210817s9999 xx 000 0 und d
999
_c
327250
_d
327249